| 000 | 00000nam##2200000za#4500 |
| 001 | 9.602437 |
| 003 | CaOODSP |
| 005 | 20240212134142 |
| 007 | cr ||||||||||| |
| 008 | 150406|1989||||xxc|||||o f|0| 0 fre|d |
| 040 | |aCaOODSP|bfre |
| 043 | |an-cn--- |
| 086 | 1 |aNE22-1/1989-1F-PDF |
| 110 | 1 |aCanada. |bOffice national de l'énergie. |
| 245 | 10|aMotifs de décision relativement à TransCanada Pipelines Limited : |h[ressource électronique]|bdemande visant des installations |
| 246 | 1 |iTitre de renvoi : |aTransCanada Pipelines Limited |
| 260 | |aOttawa - Ontario : |bOffice national de l'énergie |cJanvier 1989. |
| 300 | |a106p.|bcarte, tableaux |
| 490 | 1 |aMotifs de décision|vGH-4-88 |
| 500 | |aLe nº de catalogue (NE22-1/1989) et l'ISBN (0-662-95301-0) copiés dans cette édition électronique sont incorrects. |
| 590 | |a12-04-Supp|b2012-02-20 |
| 775 | 08|tReasons for decision in the matter of [TransCanada Pipelines Limited] facilities application |w(CaOODSP)9.572020 |
| 830 | #0|aMotifs de décision (Canada. Office national de l'énergie)|vGH-4-88|w(CaOODSP)9.500899 |
| 856 | 40|ahttp://publications.gc.ca|qPDF|s291 Ko|uhttps://publications.gc.ca/collections/collection_2011/one-neb/NE22-1-1989-01-fra.pdf|yGH-4-88 |